| 000 | 00587na a2200229 4500 | ||
|---|---|---|---|
| 001 | 23197 | ||
| 003 | MIRAKIL | ||
| 005 | 20181213154802.0 | ||
| 008 | 170807b tu 000 0 | ||
| 040 |
_aMilas _btur _cTR-AnCHP |
||
| 041 | _atur | ||
| 100 | _aMarx, Karl | ||
| 245 |
_aSeçme yapıtlar 1 _cKarl Marks, Friedrich Engels |
||
| 260 |
_aAnkara _bSol Yayınları _c1976 _fİlkyaz Basımevi |
||
| 300 | _a711 s. | ||
| 500 | _aGEÇİCİ KATALOG KAYDIDIR. | ||
| 504 | _aDizin var. | ||
| 700 | _aEngels, Friedrich | ||
| 700 | _aMarx, Karl | ||
| 942 |
_2ddc _cBKS |
||
| 999 |
_c806 _d806 |
||